LEADER 02272nam 2200373 n 450 001 996392858703316 005 20200824121714.0 035 $a(CKB)4940000000110408 035 $a(EEBO)2240950554 035 $a(UnM)99866685e 035 $a(UnM)99866685 035 $a(EXLCZ)994940000000110408 100 $a19940415d1657 uy | 101 0 $aeng 135 $aurbn||||a|bb| 200 10$aPerjury the proof of forgery: or Mr. Crofton's civilitie justified by Cadman's falsitie$b[electronic resource] $eBeing a full view, and faithful examination of the several evidences, produced in the extrajudicial process, and malicious endeavors of Capt. Tho. Harrison, John Wildgosse and Will. Jellie, (and other their anti-ministerial confederates) to blast his precious name, never stained, until Tench (the blasphemous constable) by pretence of a justices warrant, brought Mary Cadman before no magistrate, but to the Pye and Hoop tavern in Leaden-Hal-street, before the above named persons, who infused with the spirit of impudent lying and forswearing, and therein maintain her and her wicked father$fBy Alethes Noctroff, an eye and ear witness 210 $aLondon $cprinted for James Nuthal and are to be sold at his house, in the Minories next door to the Dolphin, and likewise at book sellers shops$d1657 215 $a[12], 37, [1] p 300 $aAlethes Noctroff = Zachary Crofton. Cf. Wing. 300 $aMary Cadman, Crofton's maid, had publicly accused him of whipping her too enthusiastically. Crofton's response was lampooned by Francis Kirkman in his play The Presbyterian lash. 300 $aAnnotation on Thomason copy: [t.p.] "Septmb: 2d"; [p. 6] "Will"; [p. 11] ", she saye"; [p. 23] "Susanna"; [p. 32] "Marke, John", ", brickland". 300 $aReproduction of the original in the British Library. 330 $aeebo-0018 606 $aMaster and servant$vEarly works to 1800 615 0$aMaster and servant 700 $aCrofton$b Zachary$f1625 or 6-1672.$01001382 801 0$bCu-RivES 801 1$bCu-RivES 801 2$bCStRLIN 801 2$bWaOLN 906 $aBOOK 912 $a996392858703316 996 $aPerjury the proof of forgery: or Mr. Crofton's civilitie justified by Cadman's falsitie$92359511 997 $aUNISA LEADER 01530oam 2200469I 450 001 9910707137503321 005 20160506145557.0 035 $a(CKB)5470000002462124 035 $a(OCoLC)703646052 035 $a(EXLCZ)995470000002462124 100 $a20110225j199610 ua 0 101 0 $aeng 135 $aurcn||||||||| 181 $ctxt$2rdacontent 182 $cc$2rdamedia 183 $acr$2rdacarrier 200 10$aAffordable In-space transportation /$fL.A. Curtis [and three others] 210 1$aMSFC, Alabama :$cNational Aeronautics and Space Administration, Marshall Space Flight Center,$dOctober 1996. 215 $a1 online resource (x, 114 pages) $ccolor illustrations 225 1 $aNASA technical memorandum ;$v108521 300 $aTitle from title screen (viewed May 6, 2016). 300 $a"October 1996." 320 $aIncludes bibliographical references (pages 40-41). 606 $aGeosynchronous orbits$2nasat 606 $aLaunch costs$2nasat 606 $aLaunch vehicles$2nasat 606 $aLow Earth orbits$2nasat 606 $aPayloads$2nasat 615 7$aGeosynchronous orbits. 615 7$aLaunch costs. 615 7$aLaunch vehicles. 615 7$aLow Earth orbits. 615 7$aPayloads. 700 $aCurtis$b L. A.$01418351 712 02$aGeorge C. Marshall Space Flight Center, 801 0$bSSM 801 1$bSSM 801 2$bGPO 906 $aBOOK 912 $a9910707137503321 996 $aAffordable In-space transportation$93529533 997 $aUNINA